Gaming Quiz

Random Gaming Quiz

Classic Yu-Gi-Oh Monsters Quiz Stats

 Plays Quiz Updated Jan 25, 2013

Challenge
Share
Tweet
Score 0/24 Timer 05:00
3 Plays Today
# Monster % Correct
Blue Eyes White Dragon
94.4%
Dark Magician
89.5%
Exodia The Forbidden One
76.1%
Red Eyes B. Dragon
75.9%
Gaia The Fierce Knight
62.3%
Celtic Guardian
60%
Man-Eater Bug
56.9%
Beaver Warrior
55.6%
Mystical Elf
47.8%
Curse Of Dragon
47.1%
Hane-Hane
38.1%
Silver Fang
37.8%
# Monster % Correct
Skull Servant
34.7%
Petit Dragon
34.3%
Giant Soldier Of Stone
32.8%
Uraby
25.1%
Flower Wolf
24.1%
Aqua Madoor
23.9%
Petit Angel
22.6%
Spirit Of The Harp
18.3%
Turtle Tiger
16.6%
Skull Red Bird
16.6%
Masaki The Legendary Swordsman
14.6%
King Fog
13.7%

You're not logged in!

Compare scores with friends on all Sporcle quizzes.
OR
Log In

You Might Also Like...

Show Comments

Extras

Top Quizzes Today


Score Distribution

Your Account Isn't Verified!

In order to create a playlist on Sporcle, you need to verify the email address you used during registration. Go to your Sporcle Settings to finish the process.

Report this User

Report this user for behavior that violates our Community Guidelines.

Details: